Chansons françaises : Premières et dernières paroles #2 - Statistiques

Statistiques générales
  • Ce quiz a été pris 235 fois
  • Le résultat moyen est 10 sur 15
Statistiques - réponses
Hint Explanation Réponse % Correct

Premières paroles

Le vent souffle sur les plaines

De la Bretagne armoricaine

La Tribu de Dana - Manau De la tribu de Dana
93%

Premières paroles

C'est un fameux trois-mâts

Fin comme un oiseau

Santiano - Hugues Aufray
Nous irons jusqu'à San Francisco
89%

Premières paroles

Je te promets le sel

Au baiser de ma bouche

Je te promets - Johnny Hallyday Pour que tes nuits soient douces
81%

Premières paroles

Donnez-moi une suite au Ritz

Je n'en veux pas

Je veux - Zaz Bienvenue dans ma réalité
79%

Premières paroles

Ne dites pas

Que ce garçon était fou

Il jouait du piano debout - France Gall Il voulait être lui, vous comprenez
79%

Premières paroles

À tous mes loupés, mes ratés

Mes vrais soleils

À nos actes manqués - Jean-Jacques Goldman À nos actes manqués
78%

Premières paroles

Petit Portoricain, bien intégré

Quasiment New-Yorkais

Manhattan-Kaboul - Renaud De la violence éternelle
72%

Premières paroles

Elle est abonnée

À Marie-Claire

Femme libérée - Cookie Dingler Tu sais, c'est pas si facile
72%

Premières paroles

Allô

Écoute maman est près de toi

Le téléphone pleure - Claude François Au revoir, petite
71%

Premières paroles

Dans son quartier

Du vieux Québec

Dans les yeux D'Émilie - Joe Dassin Devenait joie de vivre
56%

Premières paroles

Le ciel bleu

Sur nous peut s'effondrer

Hymne à l’amour - Édith Piaf Dieu réunit ceux qui s'aiment
54%

Premières paroles

Les gens qui voient de travers

Pensent que les bancs verts

Les Amoureux des bancs publics - Georges Brassens Ont des p'tites gueules bien sympathiques
52%

Premières paroles

Quand on n'a que l'amour

À s'offrir en partage

Quand on n’a que l’amour - Jacques Brel Amis, le monde entier
47%

Premières paroles

C'est une maison bleue

Adossée à la colline

San Francisco - Maxime Le Forestier Lizzard et Luc, Psylvia, attendez-moi
43%

Premières paroles

Je sais ton amour, je sais l'eau

Versée sur mon corps

Je fais de toi mon essentiel - Emmanuel Moire Qu'on s'appartienne
43%
Aucun quiz correspondant
Distribution des résultats
% des personnes avec chaque résultat
Percentile par nombre de réponses
Votre historique - résultats
Vous n’avez pas pris ce quiz